000 00191 a2200097 4500
020 _a9781584302827
041 _aeng
100 _aJoseph Bruchac
245 _acrazy horses Vision
942 _cK
999 _c31232
_d31230